| 000 | 00912pam a2200265 a 4500 | ||
|---|---|---|---|
| 001 | 3366631 | ||
| 003 | OSt | ||
| 005 | 20250917111642.0 | ||
| 008 | 870219s1987 enka b 001 0 eng c | ||
| 010 | _a 87005606 | ||
| 020 |
_a0192615025 : _c$13.00 (U.S.) |
||
| 040 |
_aDNLM/DLC _cDLC _dDLC |
||
| 082 | _aWA100 B561a 1987 | ||
| 100 | 1 |
_aBland, Martin. _92150 |
|
| 245 | 1 | 3 | _aAn Introduction to Medical Statistics |
| 260 |
_bOxford University Press, _c1987. |
||
| 300 |
_axiii, 365 p. : _bill. ; _c24 cm. |
||
| 504 | _aIndex & Bibliography: p. [353]-356. | ||
| 650 | 0 |
_aMedical statistics. _91389 |
|
| 650 | 2 |
_aBiometry. _91390 |
|
| 856 | 4 | 2 |
_3Publisher description _uhttp://www.loc.gov/catdir/enhancements/fy0635/87005606-d.html |
| 856 | 4 | 1 |
_3Table of contents only _uhttp://www.loc.gov/catdir/enhancements/fy0635/87005606-t.html |
| 906 |
_a7 _bcbc _corignew _d1 _eocip _f19 _gy-gencatlg |
||
| 942 |
_2z _cO_SHELF |
||
| 999 |
_c4733 _d4733 |
||